Responses for Show #7874 - Thursday, November 29, 2018

Contestants

[<< previous game]

Phil Tompkins, a portable restroom service technician from Hammond, Indiana

Chris Williams, a consultant from New York, New York

Adriana Ciccone, a data scientist from San Francisco, California (whose 1-day cash winnings total $30,401)

[next game >>]

Jeopardy! Round responses

LET'S PUT RUTHERFORD B. HAYES IN THE PICTURE!
HODGEPODGE
GLOBAL MONSTERS
THE MOVIES
CRYPTOCURRENCIES
IT'S A "DATE"
    $200 22
the International Space Station

Chris
    $200 9
Around the World in Eighty Days

Chris
    $200 1
Zeus

Adriana
    $200 16
Animal House

Chris
    $200 21
Bitcoin

Chris
    $200 4
sedate

Adriana
    $400 23
Colorado

Adriana
    $400 10
King Richard III

Chris
    $400 2
he's headless

Adriana
    $400 17
Indiana Jones

Triple Stumper
    $400 30
Kanye West

Chris
    $400 5
to intimidate

Triple Stumper
    $600 24
the Chrysler Building

Adriana
    $600 11
(Chris: What is GTA V? ...What is [*]?)
(Alex: Thank you.)

Grand Theft Auto V

Chris
    $600 3
pregnancy

Phil
    $600 18
Thanos

Phil
    $600 29
a blockchain

Adriana
    $600 6
inundate

Adriana
    $800 25
Antietam

Triple Stumper
    $800 12
the Arctic Ocean

Chris
    $800 7
an elephant

Adriana
    $800 19
The Day the Earth Stood Still

Phil
    $800 28
Kik

Phil
    $800 14
a mandate

Phil
    $1000 26
(Alex: Less than a minute now.)

a rice paddy

Adriana
    $1000 13
the mahi-mahi

Phil
    $1000 8
a sickle

Adriana
    $1000 20
(Phil: Who is... oh my gosh.)

Frank Sinatra

Phil
Triple Stumper
    $2,500 27
Venezuela

Adriana
    $1000 15
elucidate

Triple Stumper

Scores at the first commercial break (after clue 15):

Adriana Chris Phil
$3,200 $2,000 $2,400

Scores at the end of the Jeopardy! Round:

Adriana Chris Phil
$8,300 $3,000 $3,600

Double Jeopardy! Round responses

THE MARK TWAIN PRIZE FOR AMERICAN HUMOR
ELEMENTAL U.S. PLACES
PEOPLE IN POEMS
HOW MANY?
AN ABBREVIATED CATEGORY
IT'S A DATE
    $400 21
the Kennedy Center

Adriana
    $400 1
Washington, D.C.

Adriana
    $400 26
Princess Diana

Adriana
    $400 6
150

Triple Stumper
    $400 16
video on demand

Adriana
    $400 11
North Korea

Phil
    $800 22
Julia Louis-Dreyfus

Phil
    $3,500 2
Minnesota

Adriana
    $800 27
Robin Hood

Phil
    $800 7
(Phil: [Counting on his fingers] What is... [*]?)
(Alex: Good. You had enough fingers.)

seven

Phil
    $800 17
ExxonMobil

Adriana
    $800 12
the English Channel

Chris
    $1200 23
Eddie Murphy

Chris
    $1200 3
(Phil: Colorado Springs?)

Golden, Colorado

Phil
Triple Stumper
    $1200 28
the Pied Piper

Phil
    $1200 8
(Phil: What is 12?)

nine

Phil
Triple Stumper
    $1200 18
breathing

Phil
    $1200 13
the U.S.S. Maine

Chris
    $1600 24
David Letterman

Chris
    $1600 4
Superior

Phil
    $1600 29
[The end-of-round signal sounds.]

Evangeline

Triple Stumper
    $1600 9
(Chris: What is 7?)
...
(Alex: It's a quartet. String quartet. So there'd be [counting on his fingers] one, two... [*].)

four

Chris
Triple Stumper
    $1600 19
the United States

Chris
    $3,400 14
(Alex: Beginning of the Civil War.)

Fort Sumter

Chris
    $2000 25
(Alex: With a minute to go.)

(Carl) Reiner

Phil
    $2000 5
(Adriana: What is phosphorus?)

Sulphur Springs

Adriana
Triple Stumper
    $2000 10
60

Phil
    $2000 20
Zephaniah

Phil
    $2000 15
Andrew Johnson

Triple Stumper

Scores at the end of the Double Jeopardy! Round:

Adriana Chris Phil
$12,200 $11,200 $14,000

[wagering suggestions for these scores]

Final Jeopardy! Round responses

CATHOLICISM
(Alex: His feast day is tomorrow, and Advent begins Sunday.)
ChrisWho is Paul
$11,198
AdrianaWho is Peter
$7,000
PhilWho is Peter
$10,401
St. Andrew

Final scores:

Adriana Chris Phil
$5,200 $2 $3,599
2-day champion: $35,601 3rd place: $1,000 2nd place: $2,000

Game dynamics:

Coryat scores:

Adriana Chris Phil
$8,000 $9,400 $14,000
17 R
(including 2 DDs),
1 W
14 R
(including 1 DD),
1 W
16 R,
3 W

Combined Coryat: $31,400

[game clues] [game scores] [suggest correction]

Game tape date: 2018-10-10
The J! Archive is created by fans, for fans. Scraping, republication, monetization, and malicious use prohibited; this site may use cookies and collect identifying information. See terms. The Jeopardy! game show and all elements thereof, including but not limited to copyright and trademark thereto, are the property of Jeopardy Productions, Inc. and are protected under law. This website is not affiliated with, sponsored by, or operated by Jeopardy Productions, Inc. Join the discussion at JBoard.tv.